000 00579nam a2200181 a 4500
001 000024336
005 20200930022924.0
008 110126s1997 mx r 001 0 spa d
020 _a9682997763
040 _aDO-SdBNP
_bspa
_cBNPHU
082 _ann*
_bnn*
100 1 _aPeña, Ernesto de la.
_949912
245 1 3 _aEl centro sin orilla /
_cErnesto de la Peña.
260 _aMéxico, D. F. :
_bConsejo Nacional para la Cultura y las Artes,
_c1997.
300 _a239 p. ;
_c21 cm.
500 _aIncluye referencias bibliográficas y notas al pie de las páginas.
049 _aBNGR
999 _c23829
_d23829